Statistics for Countries with the Last Cases of Smallpox

Click here to take the quiz!

General Stats

  • This quiz has been taken 123 times
  • The average score is 15 of 26

Answer Stats

Country% Correct
India
80%
D. R. Congo
78%
Nigeria
78%
Ethiopia
71%
Pakistan
71%
Kenya
68%
Somalia
68%
Bangladesh
65%
South Africa
65%
Iran
63%
Sudan
62%
Tanzania
61%
Afghanistan
60%
Iraq
60%
Zimbabwe
59%
Yemen
54%
Rwanda
52%
Indonesia
51%
Burundi
50%
Eritrea
49%
Malawi
48%
Djibouti
47%
Botswana
46%
Nepal
46%
Brazil
45%
South Sudan
43%

Score Distribution

Percentile by Number Answered

Percent of People with Each Score

Your Score History

You have not taken this quiz